书目信息 |
| 题名: |
斯大林
|
|
| 作者: | 刘乐烨 编著 | |
| 分册: | 下册 | |
| 出版信息: | 北京 京华出版社 2004 |
|
| 页数: | 437页, [8] 页图版 | |
| 开本: | 21cm | |
| 丛书名: | 二十世纪风云人物丛书 | |
| 单 册: | ||
| 中图分类: | A741 | |
| 科图分类: | ||
| 主题词: | 政治家--zheng zhi jia--传记--苏联--现代 | |
| 电子资源: | ||
| ISBN: | 7-80600-850-0 | |
| 000 | 01004nam 2200277 450 | |
| 001 | 012006548133 | |
| 005 | 20080826160303.57 | |
| 010 | @a7-80600-850-0@dCNY49.40 | |
| 100 | @a20060420d2004 km y0chiy0120 ea | |
| 101 | 0 | @achi |
| 102 | @aCN@b110000 | |
| 105 | @aac z 000yy | |
| 200 | 1 | @a斯大林@Asi da lin@h下册@f刘乐烨 等编著@Fliu yue ye deng bian zhu |
| 210 | @a北京@c京华出版社@d2004 | |
| 215 | @a437页, [8] 页图版@c图, 肖像@d21cm | |
| 225 | 2 | @a二十世纪风云人物丛书@Aer shi shi ji feng yun ren wu cong shu@e图文本 |
| 312 | @a并列题名取自封面 | |
| 330 | @a本书语言朴实,叙述生动,真实客观地再现了斯大林求学、从政、当家执政、治国安邦、二战时期的形象,同时也披露了斯大林一些鲜为人知的“秘闻隐事”。 | |
| 410 | 0 | @12001 @a二十世纪风云人物丛书 |
| 510 | @aJoseph Stalin@zeng | |
| 600 | 1 | @a斯大林,@bИ. В.@f1879-1953@x传记 |
| 606 | 0 | @a政治家@Azheng zhi jia@x传记@y苏联@z现代 |
| 690 | @aA741@v4 | |
| 701 | 0 | @a刘乐烨@Aliu yue ye@4编著 |
| 801 | 0 | @aCN@c20080826 |
| 905 | @dA741@eS708:2 | |
| 斯大林.下册/刘乐烨 等编著.-北京:京华出版社,2004 |
| 437页, [8] 页图版:图, 肖像;21cm.-(二十世纪风云人物丛书:图文本) |
| ←并列题名:Joseph Stalin |
| ISBN 7-80600-850-0:CNY49.40 |
| 本书语言朴实,叙述生动,真实客观地再现了斯大林求学、从政、当家执政、治国安邦、二战时期的形象,同时也披露了斯大林一些鲜为人知的“秘闻隐事”。 |
| ● |
| 相关链接 |
|
|
|
正题名:斯大林
索取号:A741/S708:2
 
预约/预借
| 序号 | 登录号 | 条形码 | 馆藏地/架位号 | 状态 | 备注 |
| 1 | 714790 | 207147906 | 社科库509/509社科库 2排3列2层/ [索取号:A741/S708:2] | 在馆 | |
| 2 | 714791 | 207147915 | 社科库509/509社科库 2排3列2层/ [索取号:A741/S708:2] | 在馆 | |
| 3 | 714792 | 207147924 | 社科库509/509社科库 2排3列2层/ [索取号:A741/S708:2] | 在馆 |